Score 0/10 Timer 10:00
0 Plays Today
question Character or incident % Correct
Feels guilty throughtout the novelAmir
99.7%
Gets raped by AssefHassan
99.1%
Dies after his son's weddingBaba
88.6%
Amir and Baba go here to start a new lifeAmerica
84.5%
Season when Amir and Hassan out of schWinter
82.9%
Amir's wife who can't have childrenSoraya
75%
Buys Sohrab from orphanageAssef
69.9%
Ethnic name given to HassanHazara
66.5%
Amir wins this contestKite Flying
47.5%
Big secret Baba kept from AmirHassan is his half brother
12%
Remove Ads.
Support Sporcle.
Get the best of Sporcle when you Go Orange. This ad-free experience offers more features, more stats, and more fun while also helping to support Sporcle. Thank you for becoming a member.

You're not logged in!

Compare scores with friends on all Sporcle quizzes.
OR
Log In

Show Comments

Extras

Created Nov 4, 2010ReportNominate
Tags:Character, incident, Runner

Top Quizzes Today


Score Distribution

Your Account Isn't Verified!

In order to create a playlist on Sporcle, you need to verify the email address you used during registration. Go to your Sporcle Settings to finish the process.

Report this User

Report this user for behavior that violates our Community Guidelines.

Details: